000 00544nab a2200157Ia 4500
003 ES-SlBCS
005 20210601140112.0
008 140529s2001 xxu||||| |||| 00| 0 spa d
041 _aspa
100 1 _aHaddad, Sergio
_9240670
245 0 0 _aEducación para todos: evaluación de una década. Necesidades básicas en Brasil
_c Sergio Haddad, María Clara Di Pierro
650 0 4 _aEducación-Brasil
_9209067
700 1 _aDi Pierro, María Clara
_9240671
773 0 _tCuadernos de Pedagogia
_gnº. 308, 2001, págs. 46-51
_wRev1128
942 _cAR
999 _c639370
_d639370